UEFA Champions League: 10+ Goal Contributions (2000-) - Statistics

General Stats
  • This quiz has been taken 449 times
  • The average score is 175 of 370
Answer Stats
Ranking Player Positions Nationality Matches Goals (assists) Periods Clubs % Correct
1 Cristiano Ronaldo MF, FW 183 140 (45) 2003-2022
100%
2 Lionel Messi MF, FW 163 129 (41) 2004-2023
100%
6 Kylian Mbappé MF, FW 87 55 (24) 2016-2025
98%
7 Neymar MF, FW 81 43 (33) 2013-2023
98%
3 Robert Lewandowski FW 133 105 (21) 2011-2025
98%
168 Ronaldo FW 34 13 (4) 2002-2007
98%
8 Zlatan Ibrahimović FW 124 48 (25) 2002-2015, 2017-2018, 2021-2022
98%
4 Karim Benzema FW 152 90 (28) 2005-2023
97%
12 Mohamed Salah MF, FW 88 47 (17) 2013-2015, 2017-2022, 2024-2025
97%
5 Thomas Müller MF, FW 163 57 (28) 2008-2025
97%
17 Erling Haaland FW 48 49 (5) 2019-2025
96%
13 Thierry Henry FW 95 42 (20) 2000-2009, 2011-2012
96%
20 Harry Kane FW 57 40 (11) 2016-2019, 2022-2025
94%
15 Didier Drogba FW 93 44 (13) 2003-2015
93%
21 Luis Suárez FW 73 27 (23) 2010-2011, 2014-2022
93%
11 Ángel Di María MF, FW 116 24 (40) 2007-2008, 2010-2013, 2015-2025
92%
14 Antoine Griezmann MF, FW 105 42 (15) 2013-2025
91%
43 Gareth Bale MF, FW 66 20 (16) 2010-2011, 2013-2019, 2021-2022
91%
9 Raúl FW 97 50 (19) 2000-2011
90%
32 Andrés Iniesta MF 130 11 (30) 2002-2003, 2004-2018
89%
25 Arjen Robben MF, FW 110 31 (16) 2002-2019
89%
29 Kevin De Bruyne MF, FW 79 16 (26) 2011-2012, 2013-2014, 2015-2025
89%
34 Xavi MF 135 10 (30) 2000-2002, 2004-2015
89%
18 Kaká MF, FW 85 30 (22) 2003-2007, 2009-2014
88%
26 Samuel Eto'o FW 75 30 (16) 2001-2002, 2004-2010, 2013-2014
88%
24 Wayne Rooney MF, FW 85 30 (17) 2004-2013, 2015-2016
87%
27 Frank Lampard MF 105 23 (22) 2003-2015
86%
16 Ryan Giggs MF, FW 109 18 (37) 2000-2014
86%
30 Andriy Shevchenko FW 73 32 (10) 2000-2001, 2002-2007, 2009-2010
85%
33 Edin Džeko FW 75 29 (12) 2009-2010, 2011-2015, 2017-2018, 2021-2023
85%
31 Edinson Cavani MF, FW 70 35 (7) 2011-2012, 2013-2022
85%
50 Sadio Mané MF, FW 64 27 (8) 2017-2023
85%
66 Luka Modrić MF 142 9 (20) 2010-2011, 2012-2025
84%
10 Ruud van Nistelrooy FW 63 48 (17) 2001-2010
84%
22 Sergio Agüero FW 79 41 (9) 2008-2009, 2011-2022
84%
35 Leroy Sané MF, FW 73 23 (16) 2014-2015, 2016-2018, 2020-2025
83%
23 Raheem Sterling MF, FW 88 27 (20) 2014-2022, 2024-2025
83%
56 Alexis Sánchez MF, FW 77 17 (16) 2011-2024
82%
77 Fernando Torres FW 79 20 (8) 2007-2018
82%
39 Ousmane Dembélé MF, FW 66 20 (18) 2016-2025
82%
62 Robin van Persie FW 59 25 (7) 2002-2003, 2004-2014
82%
135 Ferrán Torres MF, FW 40 15 (5) 2018-2025
81%
47 Franck Ribéry MF, FW 87 18 (17) 2008-2019
81%
54 Toni Kroos MF 151 11 (22) 2008-2009, 2010-2024
81%
36 Álvaro Morata FW 89 29 (10) 2012-2025
80%
72 Bernardo Silva MF, FW 96 16 (12) 2014-2015, 2016-2025
80%
67 David Beckham MF 66 9 (20) 2000-2006, 2009-2010, 2012-2013
80%
49 Gonzalo Higuaín MF, FW 83 24 (11) 2006-2013, 2016-2017, 2019-2020
80%
41 Marco Reus MF, FW 72 24 (13) 2012-2014, 2016-2017, 2018-2024
80%
44 Riyad Mahrez MF, FW 55 20 (16) 2016-2017, 2018-2023
80%
42 Rodrygo MF, FW 64 25 (12) 2019-2025
80%
45 Steven Gerrard MF 71 21 (15) 2001-2002, 2004-2009, 2014-2015
80%
121 David Silva MF, FW 70 10 (11) 2006-2007, 2011-2020
79%
366 Juan Sánchez FW 25 8 (2) 2000-2001, 2002-2003, 2005-2006
79%
296 Víctor Sánchez MF 42 4 (7) 2000-2005
79%
166 André Silva FW 28 10 (7) 2016-2017, 2021-2025
78%
48 Roberto Firmino MF, FW 56 22 (13) 2017-2023
78%
83 Sergio Ramos DF 142 17 (9) 2005-2020, 2022-2024
78%
239 Rafa Silva MF, FW 38 9 (4) 2016-2019, 2021-2024
77%
76 Ronaldinho MF, FW 47 18 (10) 2004-2007, 2009-2011
77%
356 Gonçalo Ramos MF, FW 36 7 (3) 2021-2025
76%
57 Marcelo DF, MF 102 9 (23) 2007-2022
76%
53 Olivier Giroud FW 64 24 (10) 2012-2017, 2019-2024
76%
28 Cesc Fàbregas MF, FW 104 20 (23) 2004-2015, 2017-2018
75%
75 Francesco Totti MF, FW 56 18 (10) 2001-2002, 2004-2005, 2006-2008, 2010-2011, 2014-2016
75%
61 Gabriel Jesus FW 51 24 (8) 2017-2021, 2023-2025
75%
71 İlkay Gündoğan MF 107 13 (15) 2011-2012, 2014-2015, 2016-2025
75%
115 Romelu Lukaku FW 41 18 (4) 2017-2023
75%
70 Bastian Schweinsteiger DF, MF 95 12 (16) 2002-2006, 2008-2016
74%
122 Eden Hazard MF, FW 61 10 (11) 2011-2015, 2017-2018, 2019-2023
74%
81 Jude Bellingham MF 47 13 (13) 2020-2025
74%
86 Lautaro Martínez FW 58 21 (5) 2018-2025
74%
37 Luís Figo MF, FW 76 17 (21) 2000-2009
74%
55 Mesut Özil MF, FW 69 11 (22) 2007-2008, 2010-2017
74%
88 Douglas Costa MF, FW 76 11 (14) 2010-2021
73%
89 Pedro MF, FW 84 18 (7) 2008-2015, 2017-2018, 2019-2020, 2023-2024
73%
60 Phil Foden MF, FW 61 18 (14) 2017-2025
73%
19 Vinicius Júnior MF, FW 68 29 (22) 2018-2025
73%
51 Joshua Kimmich DF, MF 96 12 (22) 2015-2025
72%
73 Raphinha MF, FW 26 16 (12) 2022-2025
72%
186 Diego Costa FW 35 11 (5) 2013-2015, 2018-2020
71%
125 Pierre-Emerick Aubameyang MF, FW 38 17 (4) 2013-2014, 2016-2017, 2022-2023
71%
87 Ivan Rakitić MF 97 10 (15) 2007-2008, 2010-2011, 2014-2024
70%
59 Kingsley Coman MF, FW 71 17 (15) 2014-2025
70%
80 Mario Götze MF, FW 69 12 (14) 2011-2019, 2022-2023
70%
58 Wesley Sneijder MF 74 12 (20) 2002-2005, 2007-2016
70%
108 Andrea Pirlo MF 102 8 (14) 2002-2007, 2009-2010, 2012-2015
69%
251 Jackson Martínez FW 26 13 (0) 2012-2016
69%
52 Alessandro Del Piero MF, FW 58 21 (13) 2000-2005, 2008-2010
68%
133 David Villa MF, FW 47 14 (6) 2006-2007, 2010-2014
68%
92 Mario Mandžukić MF, FW 60 21 (4) 2012-2019
68%
68 Pavel Nedvěd MF 63 14 (15) 2000-2005, 2008-2009
68%
90 Son Heung-min MF, FW 55 19 (6) 2013-2014, 2016-2019, 2022-2023
67%
218 Casemiro MF 83 9 (5) 2013-2021, 2023-2024
66%
65 Mario Gómez FW 44 26 (4) 2003-2004, 2007-2008, 2009-2013
66%
103 Paul Scholes MF 90 15 (8) 2000-2010, 2012-2013
66%
148 Zinédine Zidane MF 49 9 (9) 2000-2006
66%
120 Achraf Hakimi DF, MF 64 9 (12) 2017-2025
65%
124 Arturo Vidal MF 83 15 (6) 2012-2022
65%
46 Dani Alves DF, MF 111 12 (23) 2007-2019
65%
117 David Alaba DF, MF 122 6 (15) 2009-2010, 2011-2025
65%
40 Filippo Inzaghi FW 61 34 (4) 2000-2001, 2002-2007, 2009-2011
65%
123 Philippe Coutinho MF, FW 48 12 (9) 2010-2011, 2014-2015, 2017-2022
65%
127 Christian Eriksen MF, FW 53 7 (13) 2010-2012, 2016-2020, 2023-2024
64%
132 Christian Pulisic DF, MF, FW 63 12 (8) 2016-2025
64%
78 Hulk MF, FW 50 17 (10) 2008-2009, 2011-2016
64%
84 Timo Werner MF, FW 43 17 (9) 2017-2018, 2019-2024
64%
126 Dani Carvajal DF 91 2 (18) 2013-2025
63%
97 Dries Mertens MF, FW 39 16 (8) 2013-2014, 2016-2019, 2023-2024
63%
82 Serge Gnabry DF, MF, FW 61 16 (10) 2012-2013, 2018-2025
63%
136 Julián Álvarez MF, FW 27 15 (5) 2022-2025
61%
158 Gerard Piqué DF 128 16 (2) 2004-2005, 2007-2023
60%
100 Miralem Pjanić MF 83 11 (12) 2008-2010, 2014-2022
60%
74 Willian MF, FW 71 17 (11) 2007-2008, 2010-2015, 2017-2018, 2019-2020
60%
196 Xabi Alonso MF 119 6 (9) 2003-2017
60%
144 Bruno Fernandes MF, FW 25 7 (11) 2017-2018, 2020-2021, 2023-2024
59%
205 Kai Havertz MF, FW 57 11 (4) 2016-2017, 2019-2025
59%
195 Paul Pogba MF, FW 57 4 (11) 2012-2015, 2017-2018, 2020-2022
59%
191 Javier Hernández FW 46 14 (2) 2010-2017
58%
104 Michael Ballack MF 87 16 (7) 2000-2009, 2011-2012
58%
114 Paulo Dybala MF, FW 53 18 (4) 2015-2022
58%
227 Philipp Lahm DF, MF 112 0 (13) 2002-2003, 2005-2006, 2008-2017
58%
155 Carlos Tevez MF, FW 46 13 (5) 2007-2008, 2011-2015
57%
91 Claudio Pizarro FW 74 21 (4) 2001-2008, 2010-2011, 2012-2015
57%
64 David Trezeguet FW 49 25 (5) 2000-2005, 2008-2010
57%
131 Hakan Çalhanoğlu MF, FW 56 11 (9) 2014-2016, 2021-2025
57%
203 Ivan Perišić DF, MF, FW 52 8 (7) 2011-2012, 2018-2022, 2024-2025
57%
119 Thiago Alcántara MF 80 9 (12) 2010-2023
57%
183 Bukayo Saka DF, MF, FW 18 10 (6) 2023-2025
56%
188 Dimitar Berbatov FW 60 13 (3) 2001-2002, 2004-2005, 2008-2011, 2014-2015
56%
210 James Rodríguez MF, FW 53 5 (9) 2011-2012, 2014-2020
56%
286 Jonathan David FW 18 10 (2) 2021-2022, 2024-2025
56%
173 Luuk de Jong FW 51 14 (3) 2010-2011, 2015-2016, 2018-2019, 2020-2021, 2023-2025
56%
175 Miroslav Klose FW 41 14 (3) 2004-2006, 2008-2011
56%
213 Yaya Touré MF 70 8 (6) 2005-2006, 2007-2009, 2011-2018
56%
94 Clarence Seedorf MF 88 8 (16) 2002-2007, 2009-2012
54%
128 Deco MF 64 8 (12) 2001-2002, 2003-2010
54%
130 Hakim Ziyech MF, FW 45 10 (10) 2018-2024
54%
69 Hernán Crespo FW 58 23 (6) 2000-2008
54%
129 Juan Mata MF, FW 49 8 (12) 2007-2008, 2010-2013, 2015-2016, 2017-2018, 2020-2022
54%
343 Lamine Yamal FW 23 5 (5) 2023-2025
54%
154 Marcus Rashford MF, FW 37 12 (6) 2017-2018, 2020-2021, 2023-2025
54%
106 Nicolas Anelka FW 53 17 (6) 2000-2001, 2005-2006, 2007-2013
54%
262 Alex MF 25 5 (7) 2004-2005, 2007-2009
53%
278 Alex DF 70 9 (3) 2004-2014
53%
116 James Milner DF, MF 73 4 (17) 2011-2014, 2017-2023
53%
118 Roberto Carlos DF 86 9 (12) 2000-2009
53%
141 Serhou Guirassy FW 18 15 (4) 2020-2021, 2024-2025
53%
99 Dušan Tadić MF, FW 36 10 (13) 2018-2023
52%
110 Isco MF, FW 78 10 (12) 2010-2011, 2012-2020, 2022-2023
52%
189 Klaas-Jan Huntelaar FW 40 13 (3) 2009-2010, 2012-2014, 2018-2021
52%
134 Marco Asensio MF, FW 73 15 (5) 2016-2025
52%
146 Nani MF, FW 60 9 (9) 2006-2015
52%
234 Jadon Sancho MF, FW 35 7 (6) 2018-2021, 2023-2024
51%
143 João Cancelo DF, MF 59 6 (12) 2015-2016, 2018-2024
51%
142 Koke MF 102 5 (13) 2013-2025
51%
314 Luis Díaz MF, FW 34 10 (1) 2020-2022, 2024-2025
51%
102 Rivaldo MF, FW 47 14 (9) 2000-2007
51%
160 Marcel Sabitzer MF, FW 55 5 (12) 2017-2018, 2019-2025
50%
281 Memphis MF, FW 32 9 (3) 2015-2016, 2018-2019, 2021-2024
50%
247 Michael Owen FW 29 11 (2) 2001-2002, 2004-2005, 2009-2012
50%
140 Ole Gunnar Solskjær FW 46 12 (7) 2000-2003, 2006-2007
50%
290 Alphonso Davies DF 49 3 (8) 2019-2025
49%
79 Fernando Morientes FW 65 23 (4) 2000-2007, 2009-2010
49%
330 Jérôme Boateng DF 85 4 (6) 2011-2021
49%
197 Leon Goretzka MF 63 6 (9) 2013-2014, 2018-2025
49%
361 Marcus Thuram MF, FW 30 7 (3) 2020-2021, 2023-2025
49%
152 Michael Essien DF, MF 76 11 (7) 2003-2014
49%
149 Robinho MF, FW 44 9 (9) 2005-2007, 2010-2014
49%
237 Aaron Ramsey MF 58 9 (4) 2008-2009, 2011-2016, 2019-2022
48%
226 Ciro Immobile FW 23 13 (1) 2009-2010, 2014-2015, 2020-2021, 2023-2024
48%
282 Diego Milito FW 22 9 (3) 2009-2012
48%
283 John Terry DF 109 10 (2) 2003-2016
48%
193 Jordi Alba DF, MF 84 3 (12) 2010-2023
48%
320 Ashley Cole DF 108 1 (9) 2000-2015
47%
185 Emmanuel Adebayor FW 45 11 (5) 2003-2004, 2006-2008, 2010-2011
47%
326 Federico Valverde DF, MF, FW 66 3 (7) 2018-2025
47%
337 Joe Cole MF 57 5 (5) 2003-2009, 2011-2012
47%
215 Oscar MF, FW 30 8 (6) 2012-2016
47%
249 Radamel Falcao FW 29 12 (1) 2009-2010, 2016-2020
47%
63 Roy Makaay FW 61 28 (4) 2000-2007
47%
252 Trent Alexander-Arnold DF 60 2 (10) 2017-2022, 2024-2025
47%
199 Fernandinho DF, MF 103 7 (8) 2006-2008, 2010-2022
46%
178 Juan Cuadrado DF, MF, FW 67 3 (13) 2014-2025
46%
329 Laurent Robert MF, FW 25 3 (7) 2000-2001, 2002-2003, 2005-2006
46%
253 Marco Verratti MF 79 3 (9) 2012-2023
46%
322 Sami Khedira MF 77 1 (9) 2007-2008, 2009-2020
46%
137 Samir Nasri MF, FW 58 9 (10) 2007-2017
46%
220 Arda Turan MF, FW 32 9 (5) 2006-2007, 2013-2017
45%
248 Darwin Núñez MF, FW 27 11 (2) 2021-2022, 2024-2025
45%
207 Lukas Podolski MF, FW 29 13 (2) 2006-2007, 2008-2009, 2012-2016
45%
267 Rafael Leão MF, FW 30 6 (6) 2021-2025
45%
96 Theo Walcott MF, FW 59 15 (9) 2006-2017
45%
219 Dirk Kuyt DF, FW 37 9 (5) 2006-2010
44%
235 Henrik Larsson FW 28 7 (6) 2001-2002, 2003-2007
44%
244 João Félix MF, FW 43 10 (3) 2018-2025
44%
261 Khvicha Kvaratskhelia MF, FW 26 5 (7) 2022-2025
44%
217 Marquinhos DF, MF 107 9 (5) 2013-2025
44%
139 Mehdi Taremi MF, FW 38 11 (8) 2020-2025
44%
255 Shinji Kagawa MF, FW 33 4 (8) 2011-2014, 2016-2019
44%
275 Daniele De Rossi DF, MF 60 8 (4) 2001-2002, 2004-2005, 2006-2008, 2010-2011, 2014-2015, 2017-2019
43%
279 Jorginho MF 54 9 (3) 2016-2017, 2019-2025
43%
259 Marcos Llorente DF, MF, FW 44 5 (7) 2017-2025
43%
112 Robert Pirès MF, FW 71 12 (10) 2000-2005, 2008-2009
43%
229 Antonio Valencia DF, MF 45 5 (8) 2009-2013, 2015-2016, 2017-2019
42%
145 Blaise Matuidi MF 68 8 (10) 2012-2020
42%
364 Fernando Llorente FW 39 8 (2) 2013-2015, 2017-2020
42%
212 Jamal Musiala MF, FW 46 7 (7) 2020-2025
42%
107 Juan Sebastián Verón MF 49 5 (17) 2000-2006
42%
147 Ricardo Quaresma MF, FW 60 9 (9) 2004-2009, 2014-2015, 2016-2018
42%
180 Tomáš Rosický MF 58 9 (7) 2000-2002, 2006-2007, 2009-2015
42%
150 Corentin Tolisso DF, MF 37 9 (9) 2015-2017, 2019-2022
41%
340 Dennis Bergkamp FW 32 5 (5) 2000-2006
41%
265 Diogo Jota MF, FW 38 6 (6) 2016-2017, 2020-2022, 2024-2025
41%
346 John Stones DF, MF 58 6 (4) 2016-2025
41%
179 Lucas Moura MF, FW 60 9 (7) 2012-2019, 2022-2023
41%
318 Mauro Icardi FW 25 11 (0) 2018-2021, 2023-2024
41%
297 Andrey Arshavin MF, FW 34 4 (7) 2008-2015
40%
101 Guti MF, FW 81 14 (9) 2000-2010
40%
38 Juninho Pernambucano MF 59 17 (21) 2001-2009
40%
341 Marek Hamšík MF 32 5 (5) 2011-2012, 2013-2014, 2016-2019
40%
276 Mario Balotelli FW 32 8 (4) 2008-2009, 2011-2015
40%
301 Anthony Martial MF, FW 40 6 (5) 2014-2015, 2017-2018, 2020-2021, 2023-2024
39%
245 Arkadiusz Milik FW 24 10 (3) 2014-2015, 2016-2019, 2022-2023
39%
163 Ezequiel Lavezzi MF, FW 39 9 (8) 2011-2016
39%
323 Jesús Navas DF, FW 71 2 (8) 2007-2008, 2009-2010, 2013-2017, 2020-2024
39%
240 Rafael van der Vaart MF 37 9 (4) 2002-2004, 2006-2007, 2008-2011
39%
307 Adrien Rabiot MF 60 7 (4) 2012-2023
38%
358 Dani Olmo MF, FW 33 7 (3) 2019-2025
38%
206 Freddie Ljungberg MF, FW 58 12 (3) 2000-2007
38%
246 Lorenzo Insigne MF, FW 29 11 (2) 2013-2014, 2016-2020
38%
325 Patrick Vieira MF 67 3 (7) 2000-2010
38%
202 Julian Draxler MF, FW 66 8 (7) 2010-2011, 2012-2023
37%
359 Dominik Szoboszlai MF, FW 32 7 (3) 2019-2022, 2024-2025
36%
109 Florent Malouda MF, FW 83 8 (14) 2003-2012
36%
161 Julian Brandt MF, FW 73 6 (11) 2013-2016, 2019-2025
36%
208 Lucas Vázquez DF, MF, FW 77 4 (10) 2015-2025
36%
93 Luiz Adriano MF, FW 47 21 (4) 2008-2009, 2010-2014, 2017-2018
36%
170 Peter Crouch FW 33 13 (4) 2005-2007, 2010-2011
36%
209 Thiago Motta MF 82 5 (9) 2001-2002, 2005-2006, 2009-2018
36%
216 Duván Zapata FW 22 8 (6) 2013-2014, 2019-2022
35%
230 Mark van Bommel MF 72 6 (7) 2000-2006, 2008-2012
35%
242 Raphaël Guerreiro DF, MF 56 10 (3) 2016-2025
35%
250 Sébastien Haller FW 14 12 (1) 2021-2024
35%
171 Adriano DF, FW 26 13 (4) 2004-2006, 2008-2009, 2010-2011
34%
184 Emil Forsberg MF, FW 47 11 (5) 2014-2015, 2017-2018, 2019-2024
34%
344 Lúcio DF 83 6 (4) 2001-2002, 2004-2006, 2008-2013
34%
355 Ramires MF 45 7 (3) 2010-2016
34%
336 Seydou Keita MF 58 5 (5) 2002-2003, 2007-2011, 2014-2016
34%
263 Yannick Carrasco DF, MF, FW 55 6 (6) 2014-2017, 2019-2023
34%
211 Álex Grimaldo DF, MF 50 6 (8) 2016-2019, 2021-2022, 2024-2025
33%
204 Alex Oxlade-Chamberlain MF, FW 51 9 (6) 2011-2017, 2019-2023
33%
225 Burak Yılmaz FW 40 13 (1) 2007-2008, 2011-2015, 2021-2022
33%
85 Lisandro López MF, FW 47 19 (7) 2005-2012
33%
156 Patrick Kluivert FW 35 13 (5) 2000-2002, 2006-2007
33%
311 Salomon Kalou MF, FW 54 8 (3) 2006-2013
33%
194 Zé Roberto DF, MF 58 4 (11) 2000-2005, 2008-2009
33%
315 Ivica Olić FW 26 10 (1) 2004-2005, 2006-2007, 2009-2012
32%
167 José Callejón MF, FW 42 11 (6) 2011-2013, 2016-2020
32%
319 Maxwell DF 94 0 (10) 2002-2004, 2006-2017
32%
308 Piotr Zieliński MF, FW 51 7 (4) 2016-2019, 2022-2025
32%
327 Thomas Meunier DF, MF 43 3 (7) 2016-2022, 2024-2025
32%
294 Aleksandar Kolarov DF 57 4 (7) 2007-2008, 2011-2018, 2020-2022
31%
256 Dele Alli MF, FW 26 4 (8) 2016-2020
31%
285 Luis García MF 36 10 (2) 2004-2006, 2008-2009, 2010-2011
31%
287 Saúl Ñíguez DF, MF 79 11 (1) 2014-2024
31%
345 Ángel Correa MF, FW 78 6 (4) 2015-2025
30%
289 Cafú DF 54 2 (9) 2001-2008
30%
224 Christopher Nkunku MF, FW 31 11 (3) 2015-2016, 2019-2023
30%
316 Eric Maxim Choupo-Moting MF, FW 41 11 (0) 2014-2015, 2018-2024
30%
190 Karim Adeyemi MF, FW 39 13 (3) 2020-2025
30%
354 Roque Santa Cruz FW 46 7 (3) 2000-2003, 2005-2006, 2012-2013
30%
368 Santiago Giménez FW 11 8 (2) 2023-2025
30%
353 Branislav Ivanović DF 64 7 (3) 2008-2015, 2019-2020
29%
299 Esteban Cambiasso MF 78 6 (5) 2002-2011, 2015-2016
29%
231 Joaquín Correa MF, FW 33 6 (7) 2016-2017, 2020-2023
29%
360 Raúl García MF, FW 31 7 (3) 2008-2009, 2013-2015
29%
321 Alex Sandro DF, MF 78 1 (9) 2012-2023
28%
270 Eiður Guðjohnsen MF, FW 45 7 (5) 2003-2009
28%
352 Gervinho MF, FW 20 6 (4) 2011-2012, 2014-2016
28%
165 Jefferson Farfán MF, FW 60 10 (7) 2004-2007, 2010-2011, 2012-2013, 2018-2019
28%
233 Juan Bernat DF, MF, FW 50 7 (6) 2014-2019, 2022-2024
28%
201 Dejan Stanković MF 76 8 (7) 2000-2001, 2003-2012
27%
157 Jan Koller FW 30 13 (5) 2000-2003
27%
365 Nicklas Bendtner FW 33 8 (2) 2007-2010, 2012-2013, 2015-2016
27%
113 Giovane Élber FW 42 16 (6) 2000-2004
26%
232 Héctor Herrera MF 52 7 (6) 2013-2022
26%
98 Javier Saviola FW 56 18 (6) 2001-2002, 2004-2005, 2006-2008, 2010-2014
26%
266 Charles De Ketelaere MF, FW 32 6 (6) 2019-2022, 2024-2025
25%
228 Darijo Srna DF, MF 63 4 (9) 2004-2005, 2006-2008, 2010-2015, 2017-2018
25%
272 Yossi Benayoun MF 26 7 (5) 2007-2012
25%
254 Angeliño DF, MF, FW 29 3 (9) 2018-2021, 2023-2024
24%
292 Giovanni van Bronckhorst DF, MF 40 3 (8) 2000-2002, 2004-2007
24%
369 Youssef En-Nesyri FW 20 10 (0) 2020-2024
24%
243 Hans Vanaken MF, FW 50 10 (3) 2016-2017, 2018-2022, 2024-2025
23%
324 Kevin Kampl MF 51 2 (8) 2014-2017, 2019-2025
23%
271 Mario Pašalić MF, FW 35 7 (5) 2017-2018, 2019-2021, 2024-2025
23%
238 Ryan Babel MF, FW 47 9 (4) 2004-2005, 2007-2009, 2012-2013, 2017-2018, 2019-2020
23%
176 Vincent Aboubakar FW 23 14 (3) 2014-2019
23%
370 Wissam Ben Yedder MF, FW 14 10 (0) 2016-2018
23%
138 Alberto Gilardino FW 39 11 (8) 2005-2010
22%
310 David Neres MF, FW 36 7 (4) 2018-2024
22%
257 João Moutinho MF 66 5 (7) 2006-2008, 2011-2012, 2014-2015, 2016-2017, 2023-2024
22%
284 Mirko Vučinić FW 37 10 (2) 2006-2008, 2010-2011, 2012-2014
22%
177 Seydou Doumbia FW 31 15 (2) 2011-2012, 2013-2018
22%
291 Alex Telles DF 45 3 (8) 2013-2014, 2016-2018, 2020-2023
21%
159 Roberto Soldado FW 23 16 (2) 2005-2006, 2007-2008, 2010-2013
21%
162 Hasan Salihamidžić DF, MF 61 7 (10) 2000-2006, 2008-2009
20%
181 Ludovic Giuly MF, FW 47 9 (7) 2000-2001, 2003-2008
20%
342 Andriy Yarmolenko MF, FW 30 5 (5) 2009-2010, 2012-2013, 2015-2018
19%
221 Artem Dzyuba FW 30 9 (5) 2006-2007, 2012-2013, 2015-2016, 2019-2022
19%
105 Lucho González MF 63 17 (6) 2005-2014
19%
280 Obafemi Martins FW 33 9 (3) 2002-2005, 2009-2011
19%
222 Sonny Anderson FW 24 9 (5) 2000-2002, 2007-2008
19%
277 Arnaut Danjuma MF, FW 21 8 (4) 2018-2019, 2021-2022, 2024-2025
18%
174 Kostas Mitroglou FW 41 14 (3) 2007-2008, 2009-2010, 2012-2017
18%
151 João Mário MF, FW 33 9 (9) 2014-2015, 2019-2020, 2021-2024
17%
111 Sylvain Wiltord MF, FW 64 11 (11) 2000-2007
17%
258 Torsten Frings MF 47 5 (7) 2002-2003, 2004-2008, 2010-2011
16%
153 John Carew FW 43 12 (6) 2000-2001, 2002-2003, 2005-2007
15%
295 Mathieu Valbuena MF, FW 51 4 (7) 2007-2011, 2013-2014, 2015-2016, 2019-2021
15%
288 Óscar Cardozo FW 28 11 (1) 2007-2008, 2010-2014
15%
264 Pablo Sarabia MF, FW 42 6 (6) 2010-2011, 2016-2017, 2019-2023
15%
347 Phillip Cocu DF, FW 54 6 (4) 2000-2002, 2004-2007
15%
268 Vágner Love FW 22 6 (6) 2004-2005, 2006-2007, 2011-2012, 2017-2018
15%
363 Frédéric Kanouté FW 15 7 (3) 2007-2008, 2009-2010
14%
293 Gaizka Mendieta MF 33 3 (8) 2000-2003
14%
169 Julio Ricardo Cruz FW 33 13 (4) 2003-2009
14%
350 Lasse Schöne MF 28 6 (4) 2012-2014, 2018-2019
14%
241 Luis Enrique MF, FW 23 9 (4) 2000-2003
14%
95 Sidney Govou MF, FW 74 11 (13) 2000-2011
14%
214 Yacine Brahimi MF, FW 35 8 (6) 2014-2019
14%
187 Jonas FW 32 11 (5) 2010-2012, 2015-2019
13%
273 Lars Stindl MF, FW 18 7 (5) 2015-2016, 2020-2021
13%
305 Luís Fabiano FW 18 6 (5) 2004-2005, 2007-2008, 2009-2010
12%
236 Moussa Marega MF, FW 24 8 (5) 2017-2018, 2020-2021
12%
332 Taison MF, FW 43 4 (6) 2012-2015, 2017-2021
12%
348 Yoann Gourcuff MF 36 6 (4) 2006-2012
12%
223 Alex Teixeira MF, FW 44 11 (3) 2010-2015, 2021-2022
11%
198 Bernd Schneider DF, MF 40 6 (9) 2000-2002, 2004-2005
11%
172 Iván Helguera DF, MF 69 14 (3) 2000-2008
11%
331 Mateja Kežman FW 45 4 (6) 2000-2004, 2007-2008, 2011-2012
11%
338 Nicolás Gaitán MF, FW 46 5 (5) 2010-2018
11%
367 Kevin Kurányi FW 22 8 (2) 2003-2004, 2005-2006, 2007-2008
10%
260 Pablo Aimar MF 37 5 (7) 2000-2001, 2002-2003, 2004-2005, 2010-2013
10%
335 Pedro Gonçalves MF, FW 13 4 (6) 2021-2022, 2024-2025
10%
304 Steven Berghuis MF, FW 20 6 (5) 2017-2018, 2021-2023
10%
309 Alan Dzagoev MF, FW 37 7 (4) 2009-2010, 2011-2012, 2013-2019
9%
328 Álvaro Recoba MF, FW 26 3 (7) 2002-2007
9%
298 Johan Micoud MF 23 5 (6) 2004-2007
9%
302 Mehmet Scholl MF 37 6 (5) 2000-2007
9%
357 Danny MF 34 7 (3) 2008-2009, 2011-2016
8%
303 Oliver Neuville FW 31 6 (5) 2000-2003
8%
351 Cristian Tello DF, MF, FW 21 6 (4) 2011-2016
7%
192 Diego Tristán FW 43 15 (1) 2000-2005
7%
274 Galeno DF, MF, FW 15 7 (5) 2022-2024
5%
312 Marco Di Vaio FW 24 8 (3) 2002-2005
5%
300 Jan Vennegoor of Hesselink FW 41 6 (5) 2001-2009
4%
339 Juan Carlos Valerón MF 44 5 (5) 2000-2005
4%
334 Marco Streller FW 27 4 (6) 2008-2009, 2010-2011, 2013-2015
4%
306 Santiago Solari MF 61 7 (4) 2000-2008
4%
333 Eduardo Salvio MF, FW 35 4 (6) 2010-2011, 2012-2013, 2014-2019
3%
362 Júnior Moraes MF, FW 28 7 (3) 2015-2016, 2018-2021
3%
313 Walter Pandiani FW 40 9 (2) 2000-2001, 2003-2005
3%
164 Jádson MF 31 9 (8) 2006-2008, 2010-2012
2%
182 Maksim Shatskikh FW 34 10 (6) 2000-2004, 2006-2009
2%
349 Jiří Jarošík DF, MF 33 6 (4) 2000-2001, 2004-2005, 2006-2008
1%
317 Michalis Konstantinou FW 35 11 (0) 2001-2002, 2003-2008
1%
200 Predrag Đorđević MF 43 7 (8) 2000-2008
1%
269 Éric Carrière MF 17 6 (6) 2001-2004
0%
No matching quizzes found
Score Distribution
Percent of People with Each Score
Percentile by Number Answered
Your Score History
You have not taken this quiz